[Event "Cassis op 1st"]
[Site "Cassis"]
[Date "2022.05.27"]
[Round "4"]
[White "Hamm, Fabien"]
[Black "Kunin, Vitaly L"]
[Result "0-1"]
[WhiteElo "2020"]
[BlackElo "2539"]
[PlyCount "82"]
[EventDate "2022.05.26"]
[EventType "swiss"]
[EventRounds "7"]
[EventCountry "FRA"]
[SourceTitle "CBM 208 Extra"]
[Source "ChessBase"]
[SourceDate "2022.07.31"]
[SourceVersion "1"]
[SourceVersionDate "2022.07.31"]
[SourceQuality "1"]

1. e4 c5 2. Nf3 Nc6 3. Bb5 d6 4. 0-0 Bd7 5. Re1 Nf6 6. c3 a6 7. Bf1 Bg4 8. h3 Bxf3 9. Qxf3 g6 10. d3 Bg7 11. Bg5 0-0 12. Na3 b5 13. Rad1 b4 14. Nc2 bxc3 15. bxc3 Qa5 16. d4 cxd4 17. Bxf6 Bxf6 18. cxd4 Nxd4 19. Nxd4 Bxd4 20. Bc4 Rac8 21. Bb3 Kg7 22. Qe2 Bc3 23. Rd5 Qb6 24. Red1 Be5 25. R5d3 Rc3 26. Rxc3 Bxc3 27. Rd3 Bf6 28. Bd5 Rc8 29. g3 Rc1+ 30. Rd1 Qb2 31. Qf1 Rc2 32. Bb3 Re2 33. Bd5 e6 34. Bb7 a5 35. Ba6 Rxe4 36. Rxd6 Qxa2 37. Rd7 Rd4 38. Qb5 Rxd7 39. Qxd7 a4 40. Qd1 a3 41. Qc1 Bd4 0-1

[Event "Cappelle Online Blitz op 1st"]
[Site "Europe Echecs INT"]
[Date "2021.01.10"]
[Round "11"]
[White "Bain Thouverez, Aurelien"]
[Black "Hamm, Fabien"]
[Result "0-1"]
[WhiteElo "1763"]
[BlackElo "2029"]
[PlyCount "74"]
[EventDate "2021.01.10"]
[EventType "swiss (blitz)"]
[EventRounds "11"]
[EventCountry "FRA"]
[SourceTitle "CBM 200 Extra"]
[Source "ChessBase"]
[SourceDate "2021.03.31"]
[SourceVersion "1"]
[SourceVersionDate "2021.03.31"]
[SourceQuality "1"]

1. Nf3 Nf6 2. g3 c5 3. Bg2 Nc6 4. 0-0 d6 5. d4 cxd4 6. Nxd4 Bd7 7. c3 g6 8. Nd2 Bg7 9. N2f3 0-0 10. Re1 e5 11. Nb3 Qc7 12. Bg5 h6 13. Bxf6 Bxf6 14. Qd2 Kh7 15. Rad1 Be7 16. Nc5 Bf5 17. e4 Bg4 18. Nd3 Rac8 19. h3 Be6 20. Kh2 f5 21. exf5 Bxf5 22. Nh4 Bxh4 23. gxh4 Rcd8 24. Kh1 d5 25. Nb4 d4 26. Nxc6 bxc6 27. cxd4 Rxd4 28. Qc3 c5 29. b4 Rxb4 30. Qxe5 Qxe5 31. Rxe5 Rf7 32. Kh2 c4 33. Rc5 Ra4 34. Bd5 Re7 35. Rxc4 Ra3 36. Rcc1 Rxh3+ 37. Kg1 Rxh4 0-1

[Event "Cappelle Online Blitz op 1st"]
[Site "Europe Echecs INT"]
[Date "2021.01.10"]
[Round "4"]
[White "Hamm, Fabien"]
[Black "Guliyev, Namig"]
[Result "0-1"]
[WhiteElo "2029"]
[BlackElo "2538"]
[PlyCount "122"]
[EventDate "2021.01.10"]
[EventType "swiss (blitz)"]
[EventRounds "11"]
[EventCountry "FRA"]
[SourceTitle "CBM 200 Extra"]
[Source "ChessBase"]
[SourceDate "2021.03.31"]
[SourceVersion "1"]
[SourceVersionDate "2021.03.31"]
[SourceQuality "1"]

1. e4 c5 2. Nf3 d6 3. c3 Nf6 4. Be2 Bg4 5. 0-0 e6 6. Re1 Be7 7. d3 0-0 8. Nbd2 Nc6 9. Nf1 d5 10. exd5 Nxd5 11. Ne3 Bh5 12. Qb3 Na5 13. Qc2 Bf6 14. Nf1 Qc7 15. Ng3 Bg6 16. Ne4 Be7 17. Bg5 Rfd8 18. Rad1 Nf4 19. Bxe7 Nxe2+ 20. Qxe2 Qxe7 21. d4 cxd4 22. Rxd4 Rxd4 23. Nxd4 Rd8 24. h3 h6 25. Nf3 Nc6 26. Ng3 Qd6 27. Ne4 Qd5 28. Ng3 Qxa2 29. Qb5 Qa6 30. Qxa6 bxa6 31. Ra1 a5 32. Kf1 Rb8 33. b4 axb4 34. cxb4 Rxb4 35. Ke2 Rb2+ 36. Ke3 Rb3+ 37. Ke2 a5 38. Nf1 Bd3+ 39. Ke1 Rb1+ 40. Rxb1 Bxb1 41. Kd2 a4 42. Kc3 Be4 43. N1d2 Bxf3 44. Nxf3 g5 45. Ne1 Kg7 46. Nd3 Kf6 47. Nc5 a3 48. Kb3 Ke5 49. Kxa3 Kd4 50. Nd7 Kd3 51. Kb3 Ke2 52. Nf6 Kxf2 53. Ng4+ Kxg2 54. Nxh6 f5 55. Kc4 Kxh3 56. Kd3 g4 57. Ke3 g3 58. Nf7 g2 59. Ng5+ Kg3 60. Nf3 e5 61. Ng1 Nd4 0-1

[Event "Cappelle Online Blitz op 1st"]
[Site "Europe Echecs INT"]
[Date "2021.01.10"]
[Round "5"]
[White "Schrefheere, Anthime"]
[Black "Hamm, Fabien"]
[Result "0-1"]
[WhiteElo "1752"]
[BlackElo "2029"]
[PlyCount "74"]
[EventDate "2021.01.10"]
[EventType "swiss (blitz)"]
[EventRounds "11"]
[EventCountry "FRA"]
[SourceTitle "CBM 200 Extra"]
[Source "ChessBase"]
[SourceDate "2021.03.31"]
[SourceVersion "1"]
[SourceVersionDate "2021.03.31"]
[SourceQuality "1"]

1. e4 c5 2. Nf3 e6 3. d4 cxd4 4. c3 dxc3 5. Bc4 a6 6. 0-0 b5 7. Bb3 Bb7 8. Re1 d6 9. Nxc3 Nd7 10. a4 b4 11. Na2 a5 12. Bf4 Qb8 13. Rc1 Be7 14. e5 d5 15. Nd4 g5 16. Bg3 h5 17. h3 h4 18. Bh2 Kf8 19. Qf3 Kg7 20. Qg4 Nh6 21. Nxe6+ fxe6 22. Qxe6 Qe8 23. Rc7 Bc8 24. Bxd5 Ra6 25. Bc6 Bd8 26. Bxd7 Rxe6 27. Bxe6+ Bxc7 28. Bxc8 Qxc8 29. Nc1 Re8 30. Nd3 Qd7 31. Nc5 Qd2 32. Kf1 Bb6 33. e6 Bxc5 34. Be5+ Kh7 35. Re2 Qd1+ 36. Re1 Qd3+ 37. Kg1 Rxe6 0-1

[Event "FRA-chT1 1011"]
[Site "France"]
[Date "2010.11.13"]
[Round "2.5"]
[White "Hamm, Fabien"]
[Black "Penkov, Nikola"]
[Result "1-0"]
[WhiteElo "2006"]
[BlackElo "1806"]
[PlyCount "103"]
[EventDate "2010.10.17"]
[EventType "team-tourn"]
[EventRounds "11"]
[EventCountry "FRA"]
[SourceTitle "EXT 2012"]
[Source "ChessBase"]
[SourceDate "2011.11.24"]
[SourceVersion "1"]
[SourceVersionDate "2011.11.24"]
[SourceQuality "1"]

1. e4 c5 2. c3 d5 3. exd5 Qxd5 4. d4 Nf6 5. Nf3 Bg4 6. Be2 cxd4 7. cxd4 e6 8. Nc3 Qd8 9. Qb3 b6 10. Bb5+ Nbd7 11. Ne5 Bf5 12. Bg5 Be7 13. Bxf6 Bxf6 14. Nxd7 Bxd4 15. Qb4 Bxc3+ 16. Qxc3 Qg5 17. Nxb6+ Ke7 18. Nxa8 Be4 19. Qb4+ Kf6 20. Qxe4 Qxb5 21. Qe2 Qb4+ 22. Kf1 Qb7 23. Qf3+ Qxf3 24. gxf3 Rxa8 25. Rc1 a5 26. Ke2 a4 27. Rhd1 Rb8 28. Rc2 Rb4 29. Ke3 Rh4 30. Rh1 Kf5 31. b3 axb3 32. axb3 e5 33. Rb2 e4 34. fxe4+ Rxe4+ 35. Kd3 Kf4 36. b4 f5 37. b5 Re7 38. b6 Rb7 39. Kd4 g5 40. Kd5 Kf3 41. Kc6 Rb8 42. Rg1 g4 43. b7 h5 44. Kc7 Re8 45. b8Q Re7+ 46. Kd6 Re4 47. Rg3+ Kf4 48. Kd5+ Kg5 49. Qg8+ Kf6 50. Rb6+ Ke7 51. Rb7+ Kf6 52. Qg7# 1-0